La responsabilidad penal sucesorua por incumplimiento de "compliance" en operaciones de M&A (Registro nro. 21462)

Detalles MARC
000 -LEADER
fixed length control field 00380 a2200109 4500
001 - CONTROL NUMBER
control field ART_54673
005 - DATE AND TIME OF LATEST TRANSACTION
control field 20260410161811.0
008 - FIXED-LENGTH DATA ELEMENTS--GENERAL INFORMATION
fixed length control field 260409a
100 1# - MAIN ENTRY--PERSONAL NAME
Personal name Papa, Rodolfo G.
245 10 - TITLE STATEMENT
Title La responsabilidad penal sucesorua por incumplimiento de "compliance" en operaciones de M&A
773 0# - HOST ITEM ENTRY
Title Doctrina Societaria y Concursal
Related parts - N° 408 (nov. 2021)
Record control number REV4298

No hay ítems disponibles.